Statistics for 10 Most Populated US Cities In US States Beginning with 'O'

Click here to take the quiz!

General Stats

  • This quiz has been taken 28 times
  • The average score is 9 of 10

Answer Stats

PopAnswer% Correct
308995Cincinnati
100%
367991Cleveland
100%
906528Columbus
100%
268508Toledo
96%
189347Akron
92%
411401Tulsa
92%
641162Portland
88%
177723Salem
81%
137571Dayton
77%
175096Eugene
77%

Score Distribution

Percentile by Number Answered

Percent of People with Each Score

Your Score History

You have not taken this quiz